| 000 | 00972na a2200313 4500 | ||
|---|---|---|---|
| 001 | 13242 | ||
| 003 | MIRAKIL | ||
| 005 | 20181213154814.0 | ||
| 008 | 161102b tu 000 0 | ||
| 020 | _a9752951287 | ||
| 035 | _a13242 | ||
| 040 |
_aMilas _btur _cTR-AnCHP |
||
| 082 |
_a324.72 _bI74s 2002 |
||
| 090 | _a324.72 I74s 2002 | ||
| 100 | _aİslamoğlu, Hamdi | ||
| 245 |
_aSiyaset pazarlaması _btoplam kalite yaklaşımı _cHamdi İslamoğlu |
||
| 246 | _aToplam kalite yaklaşımı | ||
| 260 |
_aİstanbul _bBeta Yayım _c2002 |
||
| 300 |
_a168 s. _btbl. _c19 sm. |
||
| 490 |
_aYayın _v1248 |
||
| 490 |
_aİşletme ekonomi dizisi _v98 |
||
| 500 | _aYapıt yazarından imzalıdır. | ||
| 504 | _aKaynakça var. | ||
| 650 |
_aSiyasal partiler _xPropaganda _yStratejiler |
||
| 650 |
_aSiyasal pazarlama _xPropaganda |
||
| 650 |
_aHalkla ilişkiler ve siyaset _xSeçmenler |
||
| 650 |
_aToplam kalite yönetimi _xSeçmen davranışı |
||
| 942 |
_2ddc _cBKS |
||
| 999 |
_c1180 _d1180 |
||